Champions League 50 or More Goal Scorers - Sudden Death - Statistics

General Stats
  • This quiz has been taken 338 times
    43 since last reset
  • The average score is 3 of 10
Answers on the Grid
Answers color-coded by a green-red scale on the quiz's grid according to % correct below.
Alessandro Del Piero
Alfredo Di Stéfano
Andriy Shevchenko
Antoine Griezmann
Arjen Robben
Cristiano Ronaldo
Didier Drogba
Edinson Cavani
Erling Haaland
Eusébio
Ferenc Puskás
Fernando Morientes
Filippo Inzaghi
Francisco Gento
Gerd Müller
Harry Kane
Kaká
Karim Benzema
Kylian Mbappé
Lionel Messi
Luis Suárez
Mohamed Salah
Neymar
Raúl González
Robert Lewandowski
Ruud van Nistelrooy
Samuel Eto'o
Sergio Agüero
Thierry Henry
Thomas Müller
Wayne Rooney
Zlatan Ibrahimovic
 
Answer Stats
Answer % Correct
Cristiano Ronaldo
74%
Lionel Messi
74%
Karim Benzema
44%
Robert Lewandowski
41%
Kylian Mbappé
26%
Mohamed Salah
19%
Raúl González
15%
Ruud van Nistelrooy
11%
Thomas Müller
11%
Thierry Henry
7%
No matching quizzes found
Score Distribution
Percent of People with Each Score
Percentile by Number Answered
Your Score History
You have not taken this quiz since the last reset